Entry Nombre personal
001 - NÚMERO DE CONTROL
- campo de control: 75816
003 - IDENTIFICADOR DE NÚMERO DE CONTROL
- campo de control: SpMaBN
005 - FECHA Y HORA DE LA ÚLTIMA TRANSACCIÓN
- campo de control: 20231227153024.0
008 - ELEMENTOS DE DATO DE LONGITUD-FIJA
- campo de control de longitud fija: 201079nn aijnnaabn a aaa
016 ## - NÚMERO DE CONTROL DE UNA AGENCIA BIBLIOGRÁFICA NACIONAL
- Número de control del registro: BNE19912984597
024 7# - IDENTIFICADOR DE OTROS ESTÁNDARES
- Número estándar o código: http://viaf.org/viaf/86916506/
- Fuente: viaf
024 7# - IDENTIFICADOR DE OTROS ESTÁNDARES
- Número estándar o código: https://isni.org/isni/0000000121424513
- Fuente: isni
024 7# - IDENTIFICADOR DE OTROS ESTÁNDARES
- Número estándar o código: http://www.wikidata.org/entity/Q2447692
- Fuente: wikidata
040 ## - FUENTE DE CATALOGACIÓN
- Centro catalogador/agencia de origen: SpMaBN
- Lengua de catalogación: spa
- Centro/agencia transcriptor: SpMaBN
- Normas de descripción: rdc
- Convención/Normas de encabezamiento de materia/tesauro: embne
046 ## - FECHAS CON CODIFICACIÓN ESPECIAL
- Fecha de nacimiento: 1902
- Fecha de la muerte: 1995
100 1# - ENCABEZAMIENTO-NOMBRE DE PERSONA
- Nombre de persona: Mallo, Maruja,
- Fechas asociadas al nombre: 1902-1995
370 ## - LUGAR ASOCIADO
- Lugar de nacimiento: Vivero
- Número de control del registro de autoridad o número normalizado: XX451763
- Fuente de información: Wikidata
372 ## - CAMPO DE ACTIVIDAD
- Campo de actividad: Surrealismo
- Fuente del término: embne
374 ## - OCUPACIÓN
- Ocupación: Escultores
- Ocupación: Pintores
- Fuente de información: Wikidata
375 ## - GÉNERO/SEXO
- Género: Femenino
- Fuente de información: Wikidata
377 ## - IDIOMA ASOCIADO
- Término de lengua/lenguaje: Español
400 1# - TRAZADO DE VÉASE--NOMBRE DE PERSONA
- Nombre de persona: Gómez González, Ana María,
- Fechas asociadas al nombre: 1902-1995
400 1# - TRAZADO DE VÉASE--NOMBRE DE PERSONA
- Nombre de persona: Mallo, M.,
- Fechas asociadas al nombre: 1902-1995
400 1# - TRAZADO DE VÉASE--NOMBRE DE PERSONA
- Nombre de persona: Mallo, Maruxa,
- Fechas asociadas al nombre: 1902-1995
510 2# - TRAZADO DE VÉASE ADEMÁS--NOMBRE DE ENTIDAD CORPORATIVA
- Nombre de entidad corporativa o nombre de jurisdicción como elemento de entrada: Grup Logicofobista (Grupo artístico)
663 ## - REFERENCIA COMPLEJA DE VÉASE ADEMÁS--NOMBRE
- Texto explicativo: Para obras de este autor como componente del grupo artístico Logicofobista, véase además:
- Encabezamiento referido a: Grup Logicofobista (Grupo artístico)
670 ## - FUENTE DE DATOS ENCONTRADOS
- Cita de la fuente: Maruja Mallo, 1992
- Información encontrada: p. 77 (Maruja Mallo; n. 5-1-1902 en Vivero, Ana María Gómez González; pintora; Mallo es su tercer apellido)
670 ## - FUENTE DE DATOS ENCONTRADOS
- Cita de la fuente: Surrealistas gallegos, 1993
- Información encontrada: port. (... M. Mallo)
670 ## - FUENTE DE DATOS ENCONTRADOS
- Cita de la fuente: A transgresión feita muller, 2006
- Información encontrada: port. (Maruxa Mallo)
670 ## - FUENTE DE DATOS ENCONTRADOS
- Cita de la fuente: Dic. de pintores y escultores españoles del siglo XX
- Información encontrada: (Gómez González, Ana María (Maruja Mallo); Viveiro, 1902-Madrid, 6/II/1995)
